MARC details
| 000 -CABECERA |
| campo de control de longitud fija |
01527nam a2200289 i 4500 |
| 003 - IDENTIFICADOR DEL NÚMERO DE CONTROL |
| campo de control |
DO-SdBNP |
| 005 - FECHA Y HORA DE LA ÚLTIMA TRANSACCIÓN |
| campo de control |
20231017155250.0 |
| 006 - CÓDIGOS DE INFORMACIÓN DE LONGITUD FIJA--CARACTERÍSTICAS DEL MATERIAL ADICIONAL |
| campo de control de longitud fija |
a||||gr|||| 00| 0 |
| 007 - CAMPO FIJO DE DESCRIPCIÓN FÍSICA--INFORMACIÓN GENERAL |
| campo de control de longitud fija |
ta |
| 008 - DATOS DE LONGITUD FIJA--INFORMACIÓN GENERAL |
| campo de control de longitud fija |
231003e2014 dr ad||| |||| 00| 0 spa d |
| 040 ## - FUENTE DE LA CATALOGACIÓN |
| Centro catalogador/agencia de origen |
DO-SdBNP |
| Lengua de catalogación |
spa |
| Centro/agencia transcriptor |
BNPHU |
| Normas de descripción |
rda |
| 082 #4 - NÚMERO DE LA CLASIFICACIÓN DECIMAL DEWEY |
| Número de edición |
22 |
| Número de documento/Ítem |
R426no |
| 110 1# - ENTRADA PRINCIPAL--NOMBRE DE ENTIDAD CORPORATIVA |
| Nombre de entidad corporativa o nombre de jurisdicción como elemento de entrada |
República Dominicana. Dirección General de Comunicación. |
| 9 (RLIN) |
84352 |
| Término indicativo de función/relación |
autor |
| 245 10 - MENCIÓN DE TÍTULO |
| Título |
NORTIC E1 2014: |
| Mención de responsabilidad, etc. |
norma para la gestión de las redes sociales en los organismos gubernamentales. / |
| 264 #1 - PRODUCCIÓN, PUBLICACIÓN, DISTRIBUCIÓN, FABRICACIÓN Y COPYRIGHT |
| Producción, publicación, distribución, fabricación y copyright |
Santo Domingo : |
| Nombre del de productor, editor, distribuidor, fabricante |
OPTIC, |
| Fecha de producción, publicación, distribución, fabricación o copyright |
2014 |
| 300 ## - DESCRIPCIÓN FÍSICA |
| Extensión |
95 páginas : |
| Otras características físicas |
Ilustraciones, gráficas ; |
| Dimensiones |
24 cm. |
| 336 ## - TIPO DE CONTENIDO |
| Fuente |
rdacontent |
| Término de tipo de contenido |
texto |
| Código de tipo de contenido |
txt |
| 337 ## - TIPO DE MEDIO |
| Fuente |
rdamedia |
| Nombre/término del tipo de medio |
sin mediación |
| Código del tipo de medio |
n |
| 338 ## - TIPO DE SOPORTE |
| Fuente |
rdacarrier |
| Nombre/término del tipo de soporte |
volumen |
| Código del tipo de soporte |
nc |
| 490 ## - MENCIÓN DE SERIE |
| Mención de serie |
Categoría: E |
| 490 ## - MENCIÓN DE SERIE |
| Mención de serie |
documento ; |
| Designación de volumen o secuencia |
1 |
| 500 ## - NOTA GENERAL |
| Nota general |
Incluye abreviatura y acrónico. |
| 504 ## - NOTA DE BIBLIOGRAFÍA, ETC. |
| Nota de bibliografía, etc. |
Bibliografía: páginas 91 |
| 505 ## - NOTA DE CONTENIDO CON FORMATO |
| Nota de contenido con formato |
Prólogo.-- |
| Información miscelánea |
Marco Legal.-- |
| -- |
Introducción.-- |
| -- |
Capítulo I. |
| Título |
Norma para la Gestión de las Redes Sociales en los Organismos Gubernamentales.-- |
| Información miscelánea |
Capítulo II. |
| Título |
Levantamiento el área de Gestión de Medios Sociales.-- |
| Información miscelánea |
Capítulo III. |
| Título |
Personalización y Configuración de los Medios Sociales.-- |
| Información miscelánea |
Capítulo IV. |
| Título |
Gestión de Redes Sociales.-- |
| Información miscelánea |
Capítulo V. |
| Título |
Posicionamiento de los medios Web.-- |
| Información miscelánea |
Capítulo VI. |
| Título |
Recomendaciones para la Gestión Efectiva de los Medios Sociales.-- |
| -- |
Glosario de términos.-- |
| -- |
Abreviaturas y acrónimos.-- |
| -- |
Bibliografía.-- |
| -- |
Anexos.-- |
| -- |
Equipo de Trabajo. |
| 590 ## - NOTA LOCAL (RLIN) |
| Nota local |
Inventariado 2023 / MF |
| 942 ## - ELEMENTOS DE PUNTO DE ACCESO ADICIONAL (KOHA) |
| Fuente del sistema de clasificación o colocación |
Dewey Decimal Classification |
| Tipo de ítem Koha |
Libro |